000 01260nam a22003617a 4500
001 0002158
003 KOHA_MİRAKIL
005 20260207001305.0
007 ta
008 090219b2006 tu |||gr||||#||||0|tur |
020 _a97561091300
_cTL0,01
040 _aTR-BiSEU
_btur
_cTR-BiSEU
_erda
041 0 _atur
044 _ctu
050 _aHG8076
_b.A97 2006
245 0 _aAvrupa Birliği ve Türk sigorta muhasebesi uluslararası finansal raporlama standartlarıyla karşılaştırmalı/
_ceditör Suna Oksay, Metin Sarıaslan.
264 1 _aİstanbul :
_bTürkiye Sigorta ve Reasürans Şirketleri Birliği
_c2006
300 _a262 sayfa
336 _ametin
_btxt
_2rdacontent
337 _aaracısız
_bn
_2rdamedia
338 _acilt
_bnc
_2rdacarrier
490 1 _aSigorta araştırma ve ve inceleme yayınları ;
_v5.
490 1 _aTSRSB yayın ;
_vno.
490 1 _a14
500 _aKaynakça var.
650 0 _aSigorta ve sigortacılık Muhasebe.
_96441
650 0 _aSigorta şirketleri Avrupa federasyonu.
_96442
650 0 _aSigorta ve sigortacılık Avrupa federasyonu.
_96443
830 1 _aSigorta araştırma ve ve inceleme yayınları ;
_v5.
_96444
830 1 _aTSRSB yayın ;
_vno.
_96114
830 1 _a14
_96445
942 _2lcc
_cBK
999 _c2145
_d2145